|
|
|
|
| LEADER |
01733nam a22003254a 4500 |
| 001 |
31397 |
| 003 |
BD-DhAAL |
| 005 |
20211128155819.0 |
| 008 |
161030s2016 nju b 001 0 eng |
| 999 |
|
|
|c 37868
|d 37868
|
| 010 |
|
|
|a 2009011023
|
| 020 |
|
|
|a 9789332555693
|
| 040 |
|
|
|a DLC
|c DLC
|d BD-DhAAL
|
| 050 |
0 |
0 |
|a HF5415.2
|b .M29 2010
|
| 082 |
0 |
0 |
|a 658.83
|2 22
|
| 100 |
1 |
|
|a Malhotra, Naresh K.
|9 20677
|
| 245 |
1 |
0 |
|a Marketing research :
|b an applied orientation /
|c Naresh K. Malhotra.
|
| 250 |
|
|
|a 7th ed.
|
| 260 |
|
|
|a Upper Saddle River, NJ ;
|a Delhi :
|b Pearson,
|c c2016.
|
| 300 |
|
|
|a xxx, 968 pages. ;
|c 28 cm.
|
| 504 |
|
|
|a Includes bibliographical references (p. [907]-946) and index.
|
| 541 |
|
|
|a BBS
|e 31397, 31398, 31399, 313400
|
| 650 |
|
0 |
|a Marketing research.
|9 20678
|
| 650 |
|
0 |
|a Marketing research
|x Methodology.
|9 20679
|
| 650 |
|
0 |
|a Business & finance.
|9 43231
|
| 942 |
|
|
|2 ddc
|c BK
|
| 952 |
|
|
|0 0
|1 0
|2 ddc
|4 0
|6 658_830000000000000_MAL
|7 0
|9 59741
|a BRACUL
|b BRACUL
|c GEN
|d 2016-09-25
|e Trim Education
|g 1317.00
|l 9
|m 110
|o 658.83 MAL
|p 3010031399
|r 2025-10-15
|s 2025-06-29
|t 3
|v 1317.00
|w 2016-09-25
|y BK
|
| 952 |
|
|
|0 0
|1 0
|2 ddc
|4 0
|6 658_830000000000000_MAL
|7 0
|9 59742
|a BRACUL
|b BRACUL
|c GEN
|d 2016-09-25
|e Trim Education
|g 1317.00
|l 17
|m 98
|o 658.83 MAL
|p 3010031400
|r 2026-02-17
|s 2025-10-13
|t 4
|v 1317.00
|w 2016-09-25
|y BK
|
| 952 |
|
|
|0 0
|1 0
|2 ddc
|4 0
|6 658_830000000000000_MAL
|7 0
|9 59743
|a BRACUL
|b BRACUL
|c GEN
|d 2016-09-25
|e Trim Education
|g 1317.00
|l 6
|m 65
|o 658.83 MAL
|p 3010031398
|q 2022-06-30
|r 2020-02-20
|s 2020-02-20
|t 2
|v 1317.00
|w 2016-09-25
|y BK
|
| 952 |
|
|
|0 0
|1 0
|2 ddc
|4 0
|6 658_830000000000000_MAL
|7 0
|9 59744
|a BRACUL
|b BRACUL
|c GEN
|d 2016-09-25
|e Trim Education
|g 1317.00
|l 8
|m 73
|o 658.83 MAL
|p 3010031397
|q 2026-07-07
|r 2024-07-16
|s 2024-07-16
|t 1
|v 1317.00
|w 2016-09-25
|y BK
|